LEADER 00778nam a2200205 i 4500 001 000000192773 003 CaOOAMICUS 005 20181018142529.0 008 100929s1972 xxk u000 u mul u 013 $a171407 040 $aSeMil$bita 245 10$a2: Books 4. and 5. 300 $aP. [256]-658. 490 0 $aOxford early Christian texts 773 0 $aTertullianus, Quintus Septimius Florens $tAdversus Marcionem.$dOxford : Clarendon Press, 1972.$kOxford early Christian texts$w()23820 830 0$aOxford early Christian texts.$0(OLS)http://semarc/title/31962 850 $aSeMil 852 $aSeMil$W1$xVenegono$y1$m2U V 186$j143348$B143348$CSeMilBibl$Z2$F154807 $81 996 $6245$a2: Books 4. and 5.$9(OLS)http://semarc/title/277870 LEADER 01407nam a2200241 i 4500 001 000000061499 003 CaOOAMICUS 005 20120511000000.0 008 120511s2005 it u000 u ita u 013 $a32671 040 $aSeMil$bita 245 10$aNella chiesa particolare al modo degli Apostoli :$bla spiritualitą diocesana č spiritualitą di missione : 18. Assemblea nazionale, S. Giovanni Rotondo, 14-17 giugno 2004, San Giovanni Rotondo. 260 $aRoma :$bEd. dell' Unione apostolica del clero,$c2005. 300 $a224 p. :$bill. ;$c21 cm. 500 $aIn testa al front.: Federazione Nazionale Italiana dell'Unione apostolica del Clero. 650 4$aSacerdoti - Spiritualitą.$0(OLS)http://semarc/subject/9029 650 4$aPresbiteri - Spiritualitą.$0(OLS)http://semarc/subject/4819 700 1 $aFederazione Nazionale Italiana «Unione Apostolica del Clero».$0(OLS)http://semarc/name/31244 850 $aSeMil 852 $aSeMil$W1$xVenegono$y1$m3G II 440$j27652$B27652$CSeMilBibl$Z2$F27655 $81 961 $aOmaggio: Apeciti mons. Ennio 996 $6245$aNella chiesa particolare al modo degli Apostoli :$bla spiritualitą diocesana č spiritualitą di missione : 18. Assemblea nazionale, S. Giovanni Rotondo, 14-17 giugno 2004, San Giovanni Rotondo$9(OLS)http://semarc/title/96634 996 $6260$aRoma :$bEd. dell' Unione apostolica del clero$9(OLS)http://semarc/publisher/42300